ბათუმის შოთა რუსთაველის სახელმწიფო უნივერსიტეტის ბიბლიოთეკა

International Security (ბიბ.ჩანაწერი № 49484)

000 -LEADER
fixed length control field 00874nam a2200253Ia 4500
001 - CONTROL NUMBER
control field 16408
003 - CONTROL NUMBER IDENTIFIER
control field GE_BSU
008 - FIXED-LENGTH DATA ELEMENTS--GENERAL INFORMATION
fixed length control field 181216s||||||||xx |||||||||||||| ||und||
020 ## - INTERNATIONAL STANDARD BOOK NUMBER
International Standard Book Number 978-1568025872
040 ## - CATALOGING SOURCE
Transcribing agency GE_BSU
080 ## - UNIVERSAL DECIMAL CLASSIFICATION NUMBER
Universal Decimal Classification number 321.7
100 ## - MAIN ENTRY--PERSONAL NAME
Personal name Morgan, Patrick M
245 ## - TITLE STATEMENT
Title International Security
245 ## - TITLE STATEMENT
Remainder of title Problems and Solutions
260 ## - PUBLICATION, DISTRIBUTION, ETC.
Place of publication, distribution, etc. Washington
260 ## - PUBLICATION, DISTRIBUTION, ETC.
Name of publisher, distributor, etc. CQ Press
260 ## - PUBLICATION, DISTRIBUTION, ETC.
Date of publication, distribution, etc. 2006
300 ## - PHYSICAL DESCRIPTION
Extent 331p;22cm
653 ## - INDEX TERM--UNCONTROLLED
Uncontrolled term Conflict--be it war between states, ethnic violence, civil war, or terrorist activity--endures, despite immense efforts to end it. How do states cope with conflict, minimize future threats, and reduce the risk of insecurity? Morgan outlines a spectrum of solutions states use to manage violent confli
653 ## - INDEX TERM--UNCONTROLLED
Uncontrolled term International Security
653 ## - INDEX TERM--UNCONTROLLED
Uncontrolled term კონფლიქტი
942 ## - ADDED ENTRY ELEMENTS (KOHA)
Koha item type წიგნი
ეგზემპლარები
Withdrawn status Lost status Damaged status Not for loan Date acquired Barcode Date last seen Price effective from Koha item type
        2018-12-17 41147 2018-12-17 2018-12-17 წიგნი